[Event "Duisburg Grossenbaum op"]
[Site "Duisburg"]
[Date "2004.05.31"]
[Round "7"]
[White "Ruetten, Ingmar"]
[Black "Kalpakli, Alexander"]
[Result "0-1"]
[WhiteElo "2058"]
[BlackElo "1779"]
[PlyCount "68"]
[EventDate "2004.05.28"]
[EventType "swiss"]
[EventRounds "7"]
[EventCountry "GER"]
[SourceTitle "EXT 2006"]
[Source "ChessBase"]
[SourceDate "2005.11.24"]
[SourceVersion "1"]
[SourceVersionDate "2005.11.24"]
[SourceQuality "1"]

1. d4 d5 2. c4 e6 3. Nc3 Nf6 4. Bg5 Be7 5. Nf3 0-0 6. e3 c6 7. Qc2 Nbd7 8. Rc1 a6 9. cxd5 exd5 10. Bd3 Re8 11. 0-0 Nf8 12. Ne5 N6d7 13. Bf4 h5 14. Nxc6 bxc6 15. Nxd5 Ne6 16. Qxc6 Nxf4 17. exf4 Rb8 18. Nc7 Bb7 19. Qa4 Rf8 20. Bxa6 Bxa6 21. Qxa6 Rxb2 22. Rfe1 Nf6 23. d5 Bb4 24. Red1 Ng4 25. g3 Nxf2 26. Rd4 Nh3+ 27. Kh1 Qe7 28. Ne6 fxe6 29. Qxe6+ Qxe6 30. dxe6 Ra8 31. Rxb4 Rxb4 32. Kg2 Nxf4+ 33. gxf4 Rxf4 34. Re1 Re8 0-1

[Event "Duisburg Grossenbaum op"]
[Site "Duisburg"]
[Date "2004.05.29"]
[Round "2"]
[White "Kalpakli, Alexander"]
[Black "Just, Markus"]
[Result "1/2-1/2"]
[WhiteElo "1779"]
[BlackElo "1532"]
[PlyCount "38"]
[EventDate "2004.05.28"]
[EventType "swiss"]
[EventRounds "7"]
[EventCountry "GER"]
[SourceTitle "EXT 2006"]
[Source "ChessBase"]
[SourceDate "2005.11.24"]
[SourceVersion "1"]
[SourceVersionDate "2005.11.24"]
[SourceQuality "1"]

1. e4 d5 2. exd5 Qxd5 3. Nc3 Qd6 4. d4 Nf6 5. Nf3 a6 6. h3 e6 7. Bc4 b5 8. Bb3 c5 9. dxc5 Qxd1+ 10. Nxd1 Bxc5 11. Ne3 Nbd7 12. 0-0 Bb7 13. Nh2 0-0 14. Bd2 Ne4 15. Rad1 Ndf6 16. Ba5 Nxf2 17. Kxf2 Ne4+ 18. Kf3 Nc3+ 19. Kf2 Ne4+ 1/2-1/2